LIBRARY & INFORMATION CENTRE, KCAET, TAVANUR

ONLINE PUBLIC ACCESS CATALOGUE (OPAC)

Achanum Makalum (Record no. 17773)

MARC details
000 -LEADER
fixed length control field 00354nam a22001577a 4500
003 - CONTROL NUMBER IDENTIFIER
control field OSt
008 - FIXED-LENGTH DATA ELEMENTS--GENERAL INFORMATION
fixed length control field 231102b |||||||| |||| 00| 0 eng d
041 ## - LANGUAGE CODE
Language code of text/sound track or separate title eng
082 ## - DEWEY DECIMAL CLASSIFICATION NUMBER
Classification number 894.8121
Item number VAL / A
100 ## - MAIN ENTRY--AUTHOR NAME
Personal name Vallathol
245 ## - TITLE STATEMENT
Title Achanum Makalum
250 ## - EDITION STATEMENT
Edition statement 14th
260 ## - PUBLICATION, DISTRIBUTION, ETC. (IMPRINT)
Place of publication Thrissur:
Name of publisher Vallathol,
Year of publication 1970.
300 ## - PHYSICAL DESCRIPTION
Number of Pages 61pages.
942 ## - ADDED ENTRY ELEMENTS (KOHA)
Koha item type Books
Holdings
Withdrawn status Lost status Damaged status Home library Current library Shelving location Date acquired Full call number Accession Number Koha item type
      KAUAET KAUAET General Stacks 02/11/2023 894.8121 VAL / A 13276 Books
free website counter